00531nam a22001217a 4500008004100000020001500041050002800056245021600084260003300300300002200333440003100355800002300386140815b xxu||||| |||| 00| 0 eng d a0406094713 aKD276.3.L39(1917 vol.1) aThe Law Reports (1917 vol.1) Chancery division: of the incorporated council of Law reporting. Supreme court of judicature. Cases Determined in the Chancery division and in Lunacy. /cEdited by Frederick Pollock  aLondon:bButeerworth,c1917. aXi, 442p.:c24cm. pChancery Division.vVol. 1 aPollock, Frederick